000 00221nam a2200097Ia 4500
008 190216s9999||||xx |||||||||||||| ||und||
100 _aS L Puram
245 0 _aKurachariyuka Ere Viswasikkuka
260 _bNull
942 _cBK
999 _c23737
_d23737